[Event "BL2-West 2122"]
[Site "Germany"]
[Date "2022.06.19"]
[Round "8.4"]
[White "Sundorf, Jannik"]
[Black "Schulz, Klaus Juergen"]
[Result "0-1"]
[WhiteElo "2200"]
[BlackElo "2325"]
[PlyCount "114"]
[EventDate "2022.03.05"]
[EventType "team-tourn"]
[EventRounds "10"]
[EventCountry "GER"]
[SourceTitle "EXT 2023"]
[Source "ChessBase"]
[SourceDate "2022.10.05"]
[SourceVersion "1"]
[SourceVersionDate "2022.10.05"]
[SourceQuality "1"]
[WhiteTeam "Dortmund Hansa"]
[BlackTeam "Heimbach Weis/Neuwied"]
[WhiteTeamCountry "GER"]
[BlackTeamCountry "GER"]

1. d4 d5 2. c4 dxc4 3. Nf3 Nf6 4. e3 e6 5. Bxc4 c5 6. 0-0 a6 7. a4 Nc6 8. Qe2 Qc7 9. Nc3 Bd6 10. Rd1 0-0 11. h3 h6 12. dxc5 Bxc5 13. e4 Nh5 14. Be3 Nf4 15. Qd2 Bxe3 16. Qxe3 Ng6 17. Ba2 Bd7 18. Rac1 Rfd8 19. Nd4 Qb6 20. Nc2 Qxe3 21. Nxe3 Nb4 22. Bb3 Bc6 23. Nc4 Nd3 24. Rb1 Ngf4 25. Na5 Rd4 26. Bc2 Rad8 27. Nb3 R4d7 28. Bxd3 Nxd3 29. f3 b6 30. Kf1 f5 31. exf5 exf5 32. Rd2 Kf7 33. Re1 Kf6 34. Ne2 Nb4 35. Rxd7 Rxd7 36. Nbd4 Bd5 37. Rc1 g5 38. Rc3 f4 39. Kf2 Ke5 40. Nc2 Nxc2 41. Rxc2 Bb3 42. Rc6 Rd6 43. Rxd6 Kxd6 44. Nd4 Bxa4 45. Nf5+ Ke6 46. Nxh6 a5 47. Ke2 b5 48. Ng4 b4 49. Nf2 Bc2 50. Kd2 Bf5 51. b3 Ke5 52. Nd1 Be6 53. Kc2 Kd4 54. Kb2 Bf5 55. Kc1 Kd3 56. Nb2+ Kc3 57. Nc4 a4 0-1

[Event "Oberliga Sued W 1819"]
[Site "Germany"]
[Date "2019.01.20"]
[Round "5.3"]
[White "Feldmann, Johannes"]
[Black "Schulz, Klaus Juergen"]
[Result "1/2-1/2"]
[WhiteElo "2224"]
[BlackElo "2339"]
[PlyCount "37"]
[EventDate "2018.10.21"]
[EventType "team-tourn"]
[EventRounds "9"]
[EventCountry "GER"]
[SourceTitle "EXT 2020"]
[Source "ChessBase"]
[SourceDate "2019.10.17"]
[SourceVersion "1"]
[SourceVersionDate "2019.10.17"]
[SourceQuality "1"]
[WhiteTeam "Worms"]
[BlackTeam "Heimbach Weis/Neuwied"]
[WhiteTeamCountry "GER"]
[BlackTeamCountry "GER"]

1. c4 c5 2. Nf3 Nc6 3. d4 cxd4 4. Nxd4 g6 5. e4 Bg7 6. Be3 Nf6 7. Nc3 Ng4 8. Qxg4 Bxd4 9. Bxd4 Nxd4 10. 0-0-0 e5 11. Qg3 d6 12. f4 f6 13. h4 Be6 14. b3 Rc8 15. Kb2 a6 16. Ne2 Nc6 17. Nc3 Nd4 18. Ne2 Nc6 19. Nc3 1/2-1/2

[Event "WchT Seniors 50"]
[Site "Dresden"]
[Date "2018.07.14"]
[Round "8.4"]
[White "Schulz, Klaus Juergen"]
[Black "Plotkin, Victor"]
[Result "1-0"]
[WhiteElo "2324"]
[BlackElo "2248"]
[PlyCount "97"]
[EventDate "2018.07.07"]
[EventType "team-swiss"]
[EventRounds "9"]
[EventCountry "GER"]
[SourceTitle "CBM 185 Extra"]
[Source "ChessBase"]
[SourceDate "2018.07.29"]
[SourceVersion "1"]
[SourceVersionDate "2018.07.29"]
[SourceQuality "1"]
[WhiteTeam "Germany II"]
[BlackTeam "Canada"]
[WhiteTeamCountry "GER"]
[BlackTeamCountry "CAN"]

1. d4 Nf6 2. Nf3 e6 3. c4 b6 4. g3 Bb7 5. Bg2 Bb4+ 6. Bd2 Be7 7. 0-0 d5 8. cxd5 exd5 9. Nc3 0-0 10. Bf4 Nbd7 11. Rc1 c6 12. Ne5 Re8 13. e4 dxe4 14. Nxe4 Nxe5 15. dxe5 Nd5 16. Qg4 Qc8 17. Qh5 Qe6 18. Bh3 Nxf4 19. gxf4 Qg6+ 20. Qxg6 hxg6 21. Bd7 Red8 22. Bxc6 Rab8 23. Bxb7 Rxb7 24. Rfd1 Rxd1+ 25. Rxd1 Rc7 26. Kf1 Kf8 27. Ke2 Ke8 28. Nc3 Rc4 29. Nd5 Rc2+ 30. Rd2 Rc1 31. Kd3 Kd7 32. Ke4 Ke6 33. b4 Bh4 34. Ne3 Be7 35. Rc2 Rh1 36. b5 Rxh2 37. f5+ gxf5+ 38. Nxf5 Bc5 39. Nxg7+ Kd7 40. Rd2+ Kc8 41. Ne8 Bxf2 42. Nd6+ Kd7 43. Nxf7+ Ke7 44. Nd6 Ke6 45. Nf5 Bg1 46. Rd6+ Kf7 47. e6+ Ke8 48. e7 Re2+ 49. Kd5 1-0